000 00763nam a22002057a 4500
003 OSt
005 20160610132947.0
008 131001t xxu||||| |||| 00| 0 eng d
020 _a9780871207937
050 _aLB 3013
_b.M365 2003
082 _aGLT 371.1024
_bM36 2003
100 _aMarzano, Robert J.
_922370
245 _aClassroom management that works :
_bresearch-based strategies for every teacher /
_cRobert J. Marzano with Jana S. Marzano & Debra J. Pickering.
260 _aAlexandria, Va :
_b Association for Supervision and Curriculum Development,
_c2003
300 _a142 p. :
_bill. ;
_c27 cm.
650 _aClassroom management
_xUnited States
_922688
650 _aEffective teaching
_xUnited States
_922689
942 _2lcc
_cBK
999 _c12612
_d12612